[Event "DEM U10 2024"]
[Site "Willingen GER"]
[Date "2024.05.21"]
[Round "5"]
[White "Bentele, Otto"]
[Black "Al Luwaisi, Omer"]
[Result "0-1"]
[Termination "normal"]
[Board "14"]
[WhiteElo "1538"]
[BlackElo "1660"]
[WhiteClock "01:05:57"]
[BlackClock "00:57:23"]
[PlyCount "72"]
[WhiteFideId "34653643"]
[BlackFideId "34645888"]
[EventCountry "GER"]
[EventRounds "11"]
[EventType "swiss"]
[EventDate "2024.05.18"]

1. e4 {[%clk 01:15:59]} {[%emt 00:00:01]} c6 {[%clk 01:15:55]} {[%emt
00:00:05]} 2. d4 {[%clk 01:16:22]} {[%emt 00:00:07]} d5 {[%clk 01:16:22]}
{[%emt 00:00:03]} 3. e5 {[%clk 01:16:41]} {[%emt 00:00:11]} Bf5 {[%clk
01:16:48]} {[%emt 00:00:04]} 4. h4 {[%clk 01:16:50]} {[%emt 00:00:21]} h5
{[%clk 01:16:23]} {[%emt 00:00:56]} 5. Bd3 {[%clk 01:16:18]} {[%emt 00:01:01]}
Bxd3 {[%clk 01:16:38]} {[%emt 00:00:15]} 6. Qxd3 {[%clk 01:16:35]} {[%emt
00:00:12]} g6 {[%clk 01:16:53]} {[%emt 00:00:16]} 7. e6 {[%emt 00:07:07]} Nf6
{[%clk 01:09:41]} {[%emt 00:01:09]} 8. Nf3 {[%clk 01:16:03]} {[%emt 00:00:58]}
fxe6 {[%clk 00:59:24]} {[%emt 00:10:47]} 9. Qxg6+ {[%clk 01:16:01]} {[%emt
00:00:32]} Kd7 {[%clk 00:59:49]} {[%emt 00:00:05]} 10. Ne5+ {[%clk 01:16:08]}
{[%emt 00:00:23]} Kc7 {[%clk 01:00:04]} {[%emt 00:00:15]} 11. Nf7 {[%clk
01:14:32]} {[%emt 00:02:07]} Rg8 {[%clk 01:00:04]} {[%emt 00:00:30]} 12. Qxg8
{[%clk 01:14:16]} {[%emt 00:00:45]} Nxg8 {[%clk 01:00:22]} {[%emt 00:00:12]}
13. Nxd8 {[%clk 01:14:36]} {[%emt 00:00:10]} Kxd8 {[%clk 01:00:40]} {[%emt
00:00:13]} 14. Nc3 {[%clk 01:14:04]} {[%emt 00:01:02]} Bg7 {[%emt 00:00:09]}
15. Be3 {[%clk 01:14:21]} {[%emt 00:00:11]} Nf6 {[%clk 01:01:12]} {[%emt
00:00:21]} 16. Ne2 {[%clk 01:14:31]} {[%emt 00:00:19]} Na6 {[%clk 01:00:51]}
{[%emt 00:00:51]} 17. O-O-O {[%clk 01:14:28]} {[%emt 00:00:33]} b5 {[%clk
01:01:09]} {[%emt 00:00:12]} 18. Nf4 {[%clk 01:14:48]} {[%emt 00:00:10]} Nc7
{[%clk 01:01:03]} {[%emt 00:00:36]} 19. f3 {[%clk 01:14:49]} {[%emt 00:00:29]}
a5 {[%clk 01:01:18]} {[%emt 00:00:16]} 20. Ng6 {[%clk 01:14:36]} {[%emt
00:00:41]} Nd7 {[%clk 01:01:21]} {[%emt 00:00:27]} 21. Bf4 {[%clk 01:14:35]}
{[%emt 00:00:32]} b4 {[%clk 01:01:00]} {[%emt 00:00:50]} 22. Nxe7 {[%clk
01:14:03]} {[%emt 00:01:03]} Kxe7 {[%clk 01:00:58]} {[%emt 00:00:31]} 23. Bxc7
{[%clk 01:14:17]} {[%emt 00:00:17]} a4 {[%clk 01:01:16]} {[%emt 00:00:12]} 24.
c3 {[%clk 01:13:46]} {[%emt 00:01:01]} a3 {[%clk 00:59:11]} {[%emt 00:02:36]}
25. Kc2 {[%clk 01:06:06]} {[%emt 00:08:10]} axb2 {[%clk 00:59:30]} {[%emt
00:00:11]} 26. Kxb2 {[%clk 01:06:20]} {[%emt 00:00:15]} bxc3+ {[%clk 00:59:45]}
{[%emt 00:00:15]} 27. Kb3 {[%clk 01:06:03]} {[%emt 00:00:48]} Ra7 {[%clk
00:59:36]} {[%emt 00:00:38]} 28. Bf4 {[%clk 01:06:10]} {[%emt 00:00:22]} c5
{[%clk 00:59:50]} {[%emt 00:00:18]} 29. Be5 {[%clk 01:05:57]} {[%emt 00:00:43]}
Nxe5 {[%clk 00:54:57]} {[%emt 00:05:22]} 30. dxe5 {[%clk 01:06:02]} {[%emt
00:00:24]} Bxe5 {[%clk 00:55:21]} {[%emt 00:00:07]} 31. g4 {[%clk 01:06:08]}
{[%emt 00:00:24]} c4+ {[%clk 00:55:35]} {[%emt 00:00:17]} 32. Kc2 {[%clk
01:06:07]} {[%emt 00:00:29]} Rxa2+ {[%clk 00:56:01]} {[%emt 00:00:05]} 33. Kb1
{[%clk 01:06:24]} {[%emt 00:00:13]} Rb2+ {[%clk 00:56:25]} {[%emt 00:00:06]}
34. Ka1 {[%clk 01:06:22]} {[%emt 00:00:31]} c2 {[%clk 00:56:38]} {[%emt
00:00:18]} 35. Rc1 {[%clk 01:06:33]} {[%emt 00:00:19]} Rb6+ {[%clk 00:56:56]}
{[%emt 00:00:12]} 36. Ka2 {[%clk 01:05:57]} {[%emt 00:01:07]} Ra6# {[%clk
00:57:23]} {[%emt 00:00:03]} 0-1

[Event "DEM U10 2024"]
[Site "Willingen GER"]
[Date "2024.05.21"]
[Round "5"]
[White "Elli, Emeric"]
[Black "Stojanoski, Stefan"]
[Result "0-1"]
[Termination "normal"]
[Board "15"]
[WhiteElo "1164"]
[BlackElo "1638"]
[WhiteClock "00:32:19"]
[BlackClock "00:20:53"]
[PlyCount "138"]
[WhiteFideId "533001790"]
[BlackFideId "34632948"]
[EventCountry "GER"]
[EventRounds "11"]
[EventType "swiss"]
[EventDate "2024.05.18"]

1. e4 {[%clk 01:15:58]} {[%emt 00:00:02]} e5 {[%clk 01:15:58]} {[%emt
00:00:03]} 2. Nf3 {[%clk 01:16:11]} {[%emt 00:00:17]} Nc6 {[%clk 01:16:24]}
{[%emt 00:00:04]} 3. Bc4 {[%clk 01:16:31]} {[%emt 00:00:10]} Bc5 {[%clk
01:16:48]} {[%emt 00:00:05]} 4. Nc3 {[%clk 01:15:44]} {[%emt 00:01:17]} Nf6
{[%clk 01:16:43]} {[%emt 00:00:36]} 5. d3 {[%clk 01:16:03]} {[%emt 00:00:11]}
h6 {[%clk 01:17:05]} {[%emt 00:00:07]} 6. a4 {[%clk 01:14:44]} {[%emt
00:01:49]} a6 {[%clk 01:15:58]} {[%emt 00:01:38]} 7. h3 {[%clk 01:14:07]}
{[%emt 00:01:06]} d6 {[%clk 01:16:07]} {[%emt 00:00:21]} 8. Be3 {[%clk
01:13:18]} {[%emt 00:01:19]} Ba7 {[%clk 01:16:27]} {[%emt 00:00:09]} 9. Qd2
{[%clk 01:12:00]} {[%emt 00:01:49]} Be6 {[%clk 01:15:05]} {[%emt 00:01:52]} 10.
Ba2 {[%clk 01:10:08]} {[%emt 00:02:22]} Qd7 {[%clk 01:14:26]} {[%emt 00:01:09]}
11. Bxe6 {[%clk 01:08:07]} {[%emt 00:02:31]} fxe6 {[%clk 01:14:18]} {[%emt
00:00:39]} 12. Nd1 {[%clk 01:07:17]} {[%emt 00:01:19]} Nd4 {[%clk 01:10:54]}
{[%emt 00:03:55]} 13. Bxd4 {[%clk 01:06:50]} {[%emt 00:00:57]} exd4 {[%clk
01:10:55]} {[%emt 00:00:29]} 14. c3 {[%clk 01:07:08]} {[%emt 00:00:09]} dxc3
{[%clk 01:10:31]} {[%emt 00:00:57]} 15. Nxc3 {[%clk 01:07:12]} {[%emt
00:00:25]} e5 {[%clk 01:10:28]} {[%emt 00:00:34]} 16. d4 {[%clk 01:06:26]}
{[%emt 00:01:16]} exd4 {[%clk 01:10:29]} {[%emt 00:00:29]} 17. Nxd4 {[%clk
01:06:43]} {[%emt 00:00:12]} O-O {[%clk 01:10:13]} {[%emt 00:00:47]} 18. O-O
{[%clk 01:06:27]} {[%emt 00:00:46]} Rae8 {[%clk 01:07:38]} {[%emt 00:03:05]}
19. Rfe1 {[%clk 01:04:54]} {[%emt 00:02:02]} Qf7 {[%clk 01:01:45]} {[%emt
00:06:23]} 20. Nf5 {[%clk 01:02:24]} {[%emt 00:02:59]} Kh7 {[%clk 00:58:57]}
{[%emt 00:03:20]} 21. Qc2 {[%clk 01:02:04]} {[%emt 00:00:49]} g6 {[%clk
00:58:09]} {[%emt 00:01:19]} 22. Ng3 {[%clk 01:02:11]} {[%emt 00:00:22]} Ng4
{[%clk 00:56:44]} {[%emt 00:01:56]} 23. Rf1 {[%clk 00:58:08]} {[%emt 00:04:32]}
Qf4 {[%clk 00:55:41]} {[%emt 00:01:33]} 24. Nce2 {[%clk 00:55:33]} {[%emt
00:03:05]} Qf6 {[%clk 00:55:04]} {[%emt 00:01:07]} 25. hxg4 {[%clk 00:55:27]}
{[%emt 00:00:36]} Bxf2+ {[%clk 00:55:26]} {[%emt 00:00:09]} 26. Rxf2 {[%clk
00:54:48]} {[%emt 00:01:08]} Qxf2+ {[%clk 00:55:42]} {[%emt 00:00:14]} 27. Kh1
{[%clk 00:54:51]} {[%emt 00:00:27]} Qf7 {[%clk 00:55:11]} {[%emt 00:01:01]} 28.
Nc3 {[%clk 00:53:36]} {[%emt 00:01:45]} Qe7 {[%clk 00:54:51]} {[%emt 00:00:51]}
29. Nce2 {[%clk 00:51:05]} {[%emt 00:02:59]} c6 {[%clk 00:49:14]} {[%emt
00:06:09]} 30. Qd3 {[%clk 00:49:30]} {[%emt 00:02:05]} Rd8 {[%clk 00:38:01]}
{[%emt 00:11:43]} 31. Nf1 {[%clk 00:47:11]} {[%emt 00:02:39]} d5 {[%clk
00:34:16]} {[%emt 00:04:25]} 32. Neg3 {[%clk 00:41:44]} {[%emt 00:05:56]} dxe4
{[%clk 00:33:17]} {[%emt 00:01:29]} 33. Qxe4 {[%clk 00:41:51]} {[%emt
00:00:24]} Qxe4 {[%clk 00:33:26]} {[%emt 00:00:20]} 34. Nxe4 {[%clk 00:42:08]}
{[%emt 00:00:13]} Rf4 {[%clk 00:33:39]} {[%emt 00:00:17]} 35. Nfd2 {[%clk
00:41:58]} {[%emt 00:00:41]} g5 {[%clk 00:26:39]} {[%emt 00:07:29]} 36. g3
{[%clk 00:37:49]} {[%emt 00:04:39]} Rff8 {[%clk 00:26:11]} {[%emt 00:00:58]}
37. Kg2 {[%clk 00:37:19]} {[%emt 00:01:01]} Rd3 {[%clk 00:22:01]} {[%emt
00:04:29]} 38. Rh1 {[%clk 00:36:46]} {[%emt 00:01:12]} Rfd8 {[%clk 00:14:51]}
{[%emt 00:07:42]} 39. Nxg5+ {[%clk 00:36:32]} {[%emt 00:00:42]} Kg6 {[%clk
00:15:10]} {[%emt 00:00:12]} 40. Nge4 {[%clk 00:36:46]} {[%emt 00:00:16]} Rxd2+
{[%clk 00:15:35]} {[%emt 00:00:06]} 41. Nxd2 {[%clk 00:37:00]} {[%emt
00:00:15]} Rxd2+ {[%clk 00:16:01]} {[%emt 00:00:05]} 42. Kf3 {[%clk 00:37:13]}
{[%emt 00:00:16]} Rxb2 {[%clk 00:16:28]} {[%emt 00:00:04]} 43. Re1 {[%clk
00:37:07]} {[%emt 00:00:35]} Rb3+ {[%clk 00:16:36]} {[%emt 00:00:22]} 44. Kg2
{[%clk 00:35:37]} {[%emt 00:01:59]} Rb4 {[%clk 00:14:26]} {[%emt 00:02:41]} 45.
Re7 {[%clk 00:34:59]} {[%emt 00:01:08]} h5 {[%clk 00:13:43]} {[%emt 00:01:13]}
46. gxh5+ {[%clk 00:34:00]} {[%emt 00:01:30]} Kxh5 {[%clk 00:14:01]} {[%emt
00:00:11]} 47. Rh7+ {[%clk 00:33:34]} {[%emt 00:00:55]} Kg6 {[%clk 00:14:23]}
{[%emt 00:00:09]} 48. Rh4 {[%clk 00:32:59]} {[%emt 00:01:04]} Rxh4 {[%clk
00:13:47]} {[%emt 00:01:07]} 49. gxh4 {[%clk 00:33:23]} {[%emt 00:00:06]} b5
{[%clk 00:14:14]} {[%emt 00:00:03]} 50. axb5 {[%clk 00:33:01]} {[%emt
00:00:53]} axb5 {[%clk 00:14:37]} {[%emt 00:00:07]} 51. Kf2 {[%clk 00:32:23]}
{[%emt 00:01:07]} Kh5 {[%clk 00:14:50]} {[%emt 00:00:17]} 52. Ke3 {[%clk
00:32:42]} {[%emt 00:00:12]} Kxh4 {[%clk 00:15:15]} {[%emt 00:00:05]} 53. Kd4
{[%clk 00:33:08]} {[%emt 00:00:04]} Kg3 {[%clk 00:15:22]} {[%emt 00:00:23]} 54.
Kc5 {[%clk 00:33:26]} {[%emt 00:00:11]} Kf3 {[%clk 00:15:46]} {[%emt 00:00:06]}
55. Kxc6 {[%clk 00:33:40]} {[%emt 00:00:16]} b4 {[%clk 00:16:14]} {[%emt
00:00:03]} 56. Kc5 {[%clk 00:34:01]} {[%emt 00:00:09]} b3 {[%clk 00:16:41]}
{[%emt 00:00:03]} 57. Kc4 {[%clk 00:34:24]} {[%emt 00:00:06]} b2 {[%clk
00:17:05]} {[%emt 00:00:06]} 58. Kc3 {[%clk 00:31:08]} {[%emt 00:03:46]} b1=Q
{[%clk 00:17:21]} {[%emt 00:00:14]} 59. Kd4 {[%clk 00:30:52]} {[%emt 00:00:46]}
Qe4+ {[%clk 00:17:12]} {[%emt 00:00:39]} 60. Kc5 {[%clk 00:29:33]} {[%emt
00:01:49]} Ke3 {[%clk 00:17:26]} {[%emt 00:00:16]} 61. Kd6 {[%clk 00:29:46]}
{[%emt 00:00:17]} Qf5 {[%clk 00:17:50]} {[%emt 00:00:06]} 62. Kc6 {[%clk
00:30:10]} {[%emt 00:00:07]} Kd4 {[%clk 00:18:15]} {[%emt 00:00:05]} 63. Kb6
{[%clk 00:30:30]} {[%emt 00:00:09]} Kc4 {[%clk 00:18:39]} {[%emt 00:00:06]} 64.
Ka6 {[%clk 00:30:39]} {[%emt 00:00:21]} Kb4 {[%clk 00:19:03]} {[%emt 00:00:07]}
65. Kb6 {[%clk 00:31:00]} {[%emt 00:00:09]} Qe6+ {[%clk 00:19:28]} {[%emt
00:00:05]} 66. Kc7 {[%clk 00:31:19]} {[%emt 00:00:09]} Kb5 {[%clk 00:19:54]}
{[%emt 00:00:06]} 67. Kd8 {[%clk 00:31:34]} {[%emt 00:00:14]} Qf7 {[%clk
00:20:10]} {[%emt 00:00:15]} 68. Kc8 {[%clk 00:31:56]} {[%emt 00:00:07]} Kc6
{[%clk 00:20:32]} {[%emt 00:00:08]} 69. Kd8 {[%clk 00:32:19]} {[%emt 00:00:08]}
Qd7# {[%clk 00:20:53]} {[%emt 00:00:08]} 0-1

[Event "DEM U10 2024"]
[Site "Willingen GER"]
[Date "2024.05.21"]
[Round "5"]
[White "Löffelholz, Jonas"]
[Black "Kjulbassanoff, Kilian"]
[Result "0-1"]
[Termination "normal"]
[Board "16"]
[WhiteElo "1126"]
[BlackElo "1411"]
[WhiteClock "00:36:56"]
[BlackClock "00:52:04"]
[PlyCount "62"]
[WhiteFideId "34616101"]
[BlackFideId "533001804"]
[EventCountry "GER"]
[EventRounds "11"]
[EventType "swiss"]
[EventDate "2024.05.18"]

1. e4 {[%clk 01:15:59]} e6 {[%clk 01:16:00]} 2. d4 {[%clk 01:16:20]} {[%emt
00:00:08]} d5 {[%emt 00:00:02]} 3. Nd2 {[%clk 01:16:39]} {[%emt 00:00:11]} Nf6
{[%clk 01:16:55]} {[%emt 00:00:04]} 4. Bd3 {[%clk 01:17:01]} {[%emt 00:00:08]}
c5 {[%clk 01:15:56]} {[%emt 00:01:29]} 5. e5 {[%clk 01:17:26]} {[%emt
00:00:05]} Nfd7 {[%clk 01:16:15]} {[%emt 00:00:11]} 6. c3 {[%clk 01:17:50]}
{[%emt 00:00:05]} Nc6 {[%clk 01:16:18]} {[%emt 00:00:28]} 7. Ne2 {[%clk
01:18:13]} {[%emt 00:00:06]} cxd4 {[%clk 01:16:22]} {[%emt 00:00:27]} 8. cxd4
{[%clk 01:18:35]} {[%emt 00:00:08]} Nb6 {[%clk 01:15:40]} {[%emt 00:01:12]} 9.
O-O {[%clk 01:18:51]} {[%emt 00:00:13]} Nb4 {[%clk 01:15:22]} {[%emt 00:00:48]}
10. Nf3 {[%clk 01:18:21]} {[%emt 00:01:00]} Nxd3 {[%clk 01:15:38]} {[%emt
00:00:15]} 11. Qxd3 {[%clk 01:18:38]} {[%emt 00:00:12]} Be7 {[%clk 01:15:27]}
{[%emt 00:00:41]} 12. Ng3 {[%clk 01:17:40]} {[%emt 00:01:29]} Bd7 {[%clk
01:13:40]} {[%emt 00:02:17]} 13. Rd1 {[%clk 01:17:21]} {[%emt 00:00:47]} Rc8
{[%clk 01:13:11]} {[%emt 00:01:01]} 14. Nh5 {[%clk 01:15:56]} {[%emt 00:01:53]}
O-O {[%clk 01:12:39]} {[%emt 00:01:04]} 15. g3 {[%clk 01:14:31]} {[%emt
00:01:54]} f6 {[%clk 01:11:41]} {[%emt 00:01:28]} 16. exf6 {[%clk 01:14:05]}
{[%emt 00:00:56]} Bxf6 {[%clk 01:12:08]} {[%emt 00:00:04]} 17. h4 {[%clk
01:13:52]} {[%emt 00:00:42]} Be7 {[%clk 01:10:52]} {[%emt 00:01:47]} 18. Ng5
{[%clk 01:12:11]} {[%emt 00:02:10]} Bxg5 {[%emt 00:01:11]} 19. hxg5 {[%clk
01:12:13]} {[%emt 00:00:21]} e5 {[%clk 01:08:12]} {[%emt 00:02:37]} 20. Kg2
{[%clk 01:03:38]} {[%emt 00:09:04]} e4 {[%clk 01:06:20]} {[%emt 00:02:22]} 21.
Qe2 {[%clk 01:02:11]} {[%emt 00:01:45]} Rf3 {[%clk 01:06:10]} {[%emt 00:00:53]}
22. Rh1 {[%clk 01:00:29]} {[%emt 00:02:11]} Bg4 {[%clk 01:05:15]} {[%emt
00:01:26]} 23. Qd2 {[%clk 00:52:35]} {[%emt 00:08:09]} Rd3 {[%clk 01:03:57]}
{[%emt 00:02:03]} 24. Qf4 {[%clk 00:43:48]} {[%emt 00:09:12]} Bf3+ {[%clk
01:03:51]} {[%emt 00:00:40]} 25. Kh2 {[%clk 00:43:17]} {[%emt 00:00:59]} Bxh5
{[%clk 01:02:04]} {[%emt 00:02:19]} 26. g4 {[%clk 00:41:25]} {[%emt 00:02:21]}
Rf3 {[%emt 00:02:49]} 27. Qe5 {[%clk 00:40:29]} {[%emt 00:00:20]} Bf7 {[%clk
00:57:56]} {[%emt 00:03:25]} 28. Kg2 {[%clk 00:38:20]} {[%emt 00:02:38]} Rc2
{[%clk 00:56:05]} {[%emt 00:02:23]} 29. Be3 {[%clk 00:38:31]} {[%emt 00:00:19]}
Rxe3 {[%clk 00:54:42]} {[%emt 00:01:54]} 30. Raf1 {[%clk 00:37:31]} {[%emt
00:01:30]} Rf3 {[%clk 00:52:55]} {[%emt 00:02:16]} 31. Rh2 {[%clk 00:36:56]}
{[%emt 00:01:05]} Nc4 {[%clk 00:52:04]} {[%emt 00:01:22]} 0-1

[Event "DEM U10 2024"]
[Site "Willingen GER"]
[Date "2024.05.21"]
[Round "5"]
[White "Jüngling, Leonard"]
[Black "Fattori Dittmar, Luca"]
[Result "0-1"]
[Termination "normal"]
[Board "18"]
[WhiteElo "1446"]
[BlackElo "1782"]
[WhiteClock "00:32:29"]
[BlackClock "00:47:58"]
[PlyCount "70"]
[WhiteFideId "34669116"]
[BlackFideId "34678883"]
[EventCountry "GER"]
[EventRounds "11"]
[EventType "swiss"]
[EventDate "2024.05.18"]

1. e4 {[%clk 01:15:58]} {[%emt 00:00:02]} e5 {[%clk 01:15:52]} {[%emt
00:00:08]} 2. f4 {[%clk 01:16:23]} {[%emt 00:00:05]} Bc5 {[%clk 01:15:39]}
{[%emt 00:00:44]} 3. Nf3 {[%clk 01:16:38]} {[%emt 00:00:15]} d6 {[%clk
01:15:54]} {[%emt 00:00:15]} 4. Bc4 {[%clk 01:16:34]} {[%emt 00:00:34]} Nc6
{[%clk 01:16:11]} {[%emt 00:00:13]} 5. Nc3 {[%clk 01:16:09]} {[%emt 00:00:56]}
Nf6 {[%clk 01:16:13]} {[%emt 00:00:27]} 6. h3 {[%clk 01:16:07]} {[%emt
00:00:32]} Qe7 {[%clk 01:15:27]} {[%emt 00:01:16]} 7. d3 {[%clk 01:13:35]}
{[%emt 00:03:02]} Be6 {[%clk 01:13:04]} {[%emt 00:02:52]} 8. Bb3 {[%clk
01:13:18]} {[%emt 00:00:47]} Nd4 {[%clk 01:09:22]} {[%emt 00:04:12]} 9. Nxd4
{[%clk 01:10:06]} {[%emt 00:03:42]} Bxd4 {[%clk 01:09:00]} {[%emt 00:00:53]}
10. Qf3 {[%clk 01:05:43]} {[%emt 00:04:52]} Bxc3+ {[%clk 01:08:08]} {[%emt
00:01:22]} 11. bxc3 {[%clk 01:05:58]} {[%emt 00:00:15]} O-O-O {[%clk 01:06:26]}
{[%emt 00:02:12]} 12. f5 {[%clk 01:05:08]} {[%emt 00:01:20]} Bd7 {[%clk
01:06:24]} {[%emt 00:00:32]} 13. Qf2 {[%clk 01:02:06]} {[%emt 00:03:31]} Kb8
{[%clk 01:04:32]} {[%emt 00:02:23]} 14. Rb1 {[%clk 01:01:25]} {[%emt 00:01:12]}
Bc6 {[%clk 01:03:49]} {[%emt 00:01:13]} 15. Be3 {[%clk 01:00:00]} {[%emt
00:01:55]} a6 {[%clk 01:03:07]} {[%emt 00:01:12]} 16. Bc4 {[%clk 00:58:57]}
{[%emt 00:01:33]} Kc8 {[%clk 01:00:46]} {[%emt 00:02:51]} 17. Bg5 {[%clk
00:50:52]} {[%emt 00:08:34]} Rhe8 {[%clk 00:56:31]} {[%emt 00:04:46]} 18. Qa7
{[%clk 00:43:48]} {[%emt 00:07:34]} h6 {[%clk 00:55:24]} {[%emt 00:01:37]} 19.
Bxf6 {[%clk 00:43:04]} {[%emt 00:01:13]} Qxf6 {[%clk 00:51:34]} {[%emt
00:04:21]} 20. O-O {[%clk 00:40:13]} {[%emt 00:03:21]} Kd7 {[%clk 00:50:48]}
{[%emt 00:01:16]} 21. Bd5 {[%clk 00:36:21]} {[%emt 00:04:22]} Ra8 {[%clk
00:50:30]} {[%emt 00:00:48]} 22. Bxc6+ {[%clk 00:35:45]} {[%emt 00:01:06]} bxc6
{[%clk 00:50:19]} {[%emt 00:00:40]} 23. Qe3 {[%clk 00:35:03]} {[%emt 00:01:12]}
Qg5 {[%clk 00:49:48]} {[%emt 00:01:02]} 24. Qxg5 {[%clk 00:34:57]} {[%emt
00:00:35]} hxg5 {[%clk 00:50:08]} {[%emt 00:00:10]} 25. f6 {[%clk 00:34:17]}
{[%emt 00:01:11]} g6 {[%clk 00:48:59]} {[%emt 00:01:38]} 26. Rb7 {[%clk
00:31:38]} {[%emt 00:03:10]} Reb8 {[%clk 00:48:29]} {[%emt 00:01:00]} 27. Rfb1
{[%clk 00:30:52]} {[%emt 00:01:15]} Rxb7 {[%clk 00:48:44]} {[%emt 00:00:16]}
28. Rxb7 {[%clk 00:31:17]} {[%emt 00:00:05]} c5 {[%clk 00:49:00]} {[%emt
00:00:14]} 29. Kf2 {[%clk 00:31:37]} {[%emt 00:00:09]} Kc6 {[%clk 00:49:13]}
{[%emt 00:00:17]} 30. Rb1 {[%clk 00:32:01]} {[%emt 00:00:06]} Rh8 {[%clk
00:48:53]} {[%emt 00:00:50]} 31. Kg3 {[%clk 00:32:23]} {[%emt 00:00:09]} Rh4
{[%clk 00:49:05]} {[%emt 00:00:18]} 32. Rb8 {[%clk 00:32:28]} {[%emt 00:00:25]}
Rf4 {[%clk 00:48:51]} {[%emt 00:00:44]} 33. Ra8 {[%clk 00:32:25]} {[%emt
00:00:33]} Kb7 {[%clk 00:48:27]} {[%emt 00:00:54]} 34. Rf8 {[%clk 00:32:45]}
{[%emt 00:00:10]} Rxf6 {[%clk 00:48:44]} {[%emt 00:00:13]} 35. c4 {[%clk
00:32:29]} {[%emt 00:00:46]} Rf4 {[%clk 00:47:58]} {[%emt 00:04:46]} 0-1

[Event "DEM U10 2024"]
[Site "Willingen GER"]
[Date "2024.05.21"]
[Round "5"]
[White "Spielmann, Jan"]
[Black "Nikolic, Luka"]
[Result "1-0"]
[Termination "normal"]
[Board "19"]
[WhiteElo "1725"]
[BlackElo "1145"]
[WhiteClock "00:53:49"]
[BlackClock "00:59:27"]
[PlyCount "53"]
[WhiteFideId "34680039"]
[BlackFideId "34655123"]
[EventCountry "GER"]
[EventRounds "11"]
[EventType "swiss"]
[EventDate "2024.05.18"]

1. e4 {[%clk 01:15:58]} {[%emt 00:00:01]} c6 {[%clk 01:15:57]} {[%emt
00:00:04]} 2. d4 {[%clk 01:16:16]} {[%emt 00:00:11]} d5 {[%clk 01:16:21]}
{[%emt 00:00:08]} 3. e5 {[%clk 01:16:39]} {[%emt 00:00:06]} Bf5 {[%clk
01:16:44]} {[%emt 00:00:06]} 4. h4 {[%clk 01:16:54]} {[%emt 00:00:15]} h6
{[%clk 01:17:06]} {[%emt 00:00:09]} 5. g4 {[%clk 01:16:48]} {[%emt 00:00:37]}
Bh7 {[%clk 01:17:26]} {[%emt 00:00:09]} 6. e6 {[%clk 01:17:10]} {[%emt
00:00:09]} fxe6 {[%clk 01:13:10]} {[%emt 00:04:47]} 7. Bd3 {[%clk 01:17:25]}
{[%emt 00:00:13]} Bxd3 {[%clk 01:10:06]} {[%emt 00:03:35]} 8. Qxd3 {[%clk
01:17:49]} {[%emt 00:00:06]} Nf6 {[%clk 01:10:16]} {[%emt 00:00:20]} 9. Nf3
{[%clk 01:16:28]} {[%emt 00:01:50]} Qd6 {[%clk 01:09:32]} {[%emt 00:01:15]} 10.
Ne5 {[%clk 01:16:23]} {[%emt 00:00:35]} Qc7 {[%clk 01:06:09]} {[%emt 00:03:53]}
11. Qg6+ {[%clk 01:16:33]} {[%emt 00:00:20]} Kd8 {[%clk 01:06:34]} {[%emt
00:00:05]} 12. Nf7+ {[%clk 01:16:40]} {[%emt 00:00:22]} Kd7 {[%clk 01:05:09]}
{[%emt 00:01:56]} 13. Nxh8 {[%clk 01:17:02]} {[%emt 00:00:07]} Qb6 {[%clk
01:05:25]} {[%emt 00:00:14]} 14. c3 {[%clk 01:15:09]} {[%emt 00:02:23]} e5
{[%clk 01:05:22]} {[%emt 00:00:35]} 15. dxe5 {[%clk 01:05:04]} {[%emt
00:10:34]} Ne4 {[%clk 01:01:43]} {[%emt 00:04:08]} 16. Qf5+ {[%clk 01:05:17]}
{[%emt 00:00:16]} e6 {[%clk 01:01:15]} {[%emt 00:01:00]} 17. Qf7+ {[%clk
01:05:40]} {[%emt 00:00:06]} Kc8 {[%clk 01:01:22]} {[%emt 00:00:23]} 18. Qxf8+
{[%clk 01:05:33]} {[%emt 00:00:38]} Kc7 {[%clk 01:01:18]} {[%emt 00:00:34]} 19.
Qf4 {[%clk 00:57:56]} {[%emt 00:08:00]} g5 {[%clk 00:59:40]} {[%emt 00:02:14]}
20. hxg5 {[%clk 00:55:46]} {[%emt 00:02:41]} Nd7 {[%clk 00:59:43]} {[%emt
00:00:28]} 21. Ng6 {[%clk 00:55:25]} {[%emt 00:00:48]} Rg8 {[%clk 00:59:53]}
{[%emt 00:00:21]} 22. gxh6 {[%clk 00:54:36]} {[%emt 00:01:20]} Rxg6 {[%clk
01:00:00]} {[%emt 00:00:23]} 23. h7 {[%clk 00:54:54]} {[%emt 00:00:12]} Ndc5
{[%clk 00:59:04]} {[%emt 00:01:25]} 24. Qf7+ {[%clk 00:54:24]} {[%emt
00:00:56]} Nd7 {[%clk 00:59:23]} {[%emt 00:00:16]} 25. h8=Q {[%emt 00:00:39]}
Rf6 {[%emt 00:00:40]} 26. Qxd7+ {[%clk 00:53:24]} {[%emt 00:00:11]} Kxd7 {[%clk
00:59:27]} {[%emt 00:00:26]} 27. Rh7+ {[%clk 00:53:49]} {[%emt 00:00:05]} 1-0